Աստուածաշնչի արեւելահայերէն էջմիածնական թարգմանութեան որակը / (Record no. 189444)
[ view plain ]
| 000 -LEADER | |
|---|---|
| fixed length control field | 00730nam a2200205 u 4500 |
| 001 - CONTROL NUMBER | |
| control field | 000509969 |
| 003 - CONTROL NUMBER IDENTIFIER | |
| control field | AM-YeHGA |
| 005 - DATE AND TIME OF LATEST TRANSACTION | |
| control field | 20250618072718.0 |
| 008 - FIXED-LENGTH DATA ELEMENTS--GENERAL INFORMATION | |
| fixed length control field | 061121s2006 ||| r 000 0 arm d |
| 040 ## - CATALOGING SOURCE | |
| Original cataloging agency | AM-YeHGA |
| 041 0# - LANGUAGE CODE | |
| Language code of text/sound track or separate title | arm |
| 090 ## - LOCALLY ASSIGNED LC-TYPE CALL NUMBER (OCLC); LOCAL CALL NUMBER (RLIN) | |
| -- | 190912 |
| 100 1# - MAIN ENTRY--PERSONAL NAME | |
| Personal name | Մինասյան, Մարտիրոս Պողոսի, |
| Dates associated with a name | 1926- |
| 9 (RLIN) | 3973 |
| 245 10 - TITLE STATEMENT | |
| Title | Աստուածաշնչի արեւելահայերէն էջմիածնական թարգմանութեան որակը / |
| Statement of responsibility, etc. | Մարտիրոս Մինասեան. |
| 260 ## - PUBLICATION, DISTRIBUTION, ETC. | |
| Place of publication, distribution, etc. | Ժնեւ : |
| Name of publisher, distributor, etc. | Ա. հ, |
| Date of publication, distribution, etc. | 2006. |
| 300 ## - PHYSICAL DESCRIPTION | |
| Extent | 158 էջ. |
| 504 ## - BIBLIOGRAPHY, ETC. NOTE | |
| Bibliography, etc. note | Մատենագիտ. էջ՝ 155-157 |
| 653 0# - INDEX TERM--UNCONTROLLED | |
| Uncontrolled term | Աստվածաշունչ - Էջմիածնական թարգմանություն |
| 942 00 - ADDED ENTRY ELEMENTS (KOHA) | |
| Koha issues (borrowed), all copies | 1 |
| Withdrawn status | Lost status | Damaged status | Not for loan | Collection | Home library | Current library | Date acquired | Total checkouts | Full call number | Barcode | Date last seen | Date last checked out | Price effective from | Koha item type | Public note |
|---|---|---|---|---|---|---|---|---|---|---|---|---|---|---|---|
| General | Fundamental Scientific Library | Fundamental Scientific Library | 28/12/2016 | 1 | AIII/7478 | 230007478 | 28/04/2025 | 28/04/2025 | 28/12/2016 | Գրքեր / Books | 30 Days Loan |
ՀՀ Գիտությունների ազգային ակադեմիայի հիմնարար գիտական գրադարան = Fundamental Scientific Library of NAS RA
All site content, except where otherwise noted, is licensed under a